[Event "Kimry Spring op 44th"]
[Site "Kimry"]
[Date "2009.04.13"]
[Round "4"]
[White "Golebev, Andrey"]
[Black "Markov, Mikhail1"]
[Result "1-0"]
[WhiteElo "1975"]
[BlackElo "1900"]
[PlyCount "103"]
[EventDate "2009.04.13"]
[EventType "swiss"]
[EventRounds "7"]
[EventCountry "RUS"]
[SourceTitle "EXT 2022"]
[Source "ChessBase"]
[SourceDate "2021.10.06"]
[SourceVersion "1"]
[SourceVersionDate "2021.10.06"]
[SourceQuality "1"]

1. d4 d5 2. Nf3 c6 3. e3 Bf5 4. Bd3 Bg6 5. Ne5 Nf6 6. Nxg6 fxg6 7. Nd2 e6 8. c4 Bd6 9. c5 Bc7 10. b4 a6 11. Qa4 Nbd7 12. Qd1 0-0 13. h3 Qe7 14. e4 dxe4 15. Bxe4 Nxe4 16. Nxe4 a5 17. Bg5 Qf7 18. 0-0 Qf5 19. Qe2 Rf7 20. bxa5 Rxa5 21. Bd2 Ra4 22. g4 Qf3 23. Qxf3 Rxf3 24. Ng5 Rf6 25. Rfe1 e5 26. Ne4 Re6 27. Ng5 Rf6 28. f4 Rxd4 29. fxe5 Rf8 30. Be3 Rc4 31. e6 Nxc5 32. e7 Re8 33. Bxc5 Rxc5 34. Ne6 Bb6 35. Nxc5 Bxc5+ 36. Kg2 Rxe7 37. Red1 Kf7 38. a4 Re2+ 39. Kh1 Ke6 40. Rd8 Ke7 41. Rd3 Re6 42. Rc1 b6 43. a5 Bf2 44. a6 b5 45. Ra1 Ba7 46. Rad1 Kf6 47. Rd7 Re7 48. R1d6+ Kf7 49. Rb7 Rxb7 50. axb7 Ke7 51. Rxc6 Kd7 52. Rc8 1-0

[Event "Kimry-ch"]
[Site "Kimry"]
[Date "2009.01.04"]
[Round "4"]
[White "Golebev, Andrey"]
[Black "Presnyakov, Semen"]
[Result "1-0"]
[WhiteElo "1979"]
[BlackElo "1983"]
[PlyCount "49"]
[EventDate "2009.01.02"]
[EventType "swiss"]
[EventRounds "9"]
[EventCountry "RUS"]
[SourceTitle "EXT 2010"]
[Source "ChessBase"]
[SourceDate "2010.11.25"]
[SourceVersion "1"]
[SourceVersionDate "2010.11.25"]
[SourceQuality "1"]

1. d4 Nf6 2. Nf3 g6 3. c4 Bg7 4. Nc3 0-0 5. e4 d6 6. Bg5 Bg4 7. Be2 a6 8. 0-0 Nc6 9. h3 Bd7 10. a3 Rb8 11. Qd2 b5 12. cxb5 axb5 13. Bxb5 Nxe4 14. Nxe4 Rxb5 15. Bh6 Qc8 16. Bxg7 Kxg7 17. d5 Ne5 18. Nxe5 dxe5 19. a4 Rb8 20. Rfc1 Rd8 21. d6 Bf5 22. Rxc7 Qa6 23. Qd5 e6 24. Qxe5+ Kh6 25. Rxf7 1-0

[Event "Kimry op"]
[Site "Kimry"]
[Date "2008.01.28"]
[Round "6"]
[White "Golebev, Andrey"]
[Black "Asrian, Armen"]
[Result "1/2-1/2"]
[WhiteElo "1996"]
[BlackElo "2137"]
[PlyCount "71"]
[EventDate "2008.01.26"]
[EventType "swiss"]
[EventRounds "9"]
[EventCountry "RUS"]
[SourceTitle "EXT 2011"]
[Source "ChessBase"]
[SourceDate "2010.11.26"]
[SourceVersion "1"]
[SourceVersionDate "2010.11.26"]
[SourceQuality "1"]

1. d4 d5 2. c4 c6 3. Nc3 Nf6 4. e3 g6 5. Nf3 Bg7 6. Be2 0-0 7. 0-0 Bg4 8. Qb3 b6 9. h3 Bxf3 10. Bxf3 e6 11. Rd1 Nbd7 12. cxd5 exd5 13. Qc2 Rc8 14. Qe2 Re8 15. b4 Ne4 16. Bxe4 dxe4 17. Bb2 Nf6 18. b5 Nd5 19. bxc6 Nxc3 20. Bxc3 Rxc6 21. Bb2 Qd5 22. Qa6 Rc2 23. Ba3 Rec8 24. Rdc1 Qf5 25. Rxc2 Rxc2 26. Rf1 Rxa2 27. g4 Qd7 28. Rc1 Bf8 29. Rc8 Rxa3 30. Rxf8+ Kxf8 31. Qxa3+ Kg7 32. Qa1 b5 33. d5+ Kg8 34. Qe5 a5 35. g5 Qxh3 36. Qxe4 1/2-1/2

[Event "Kimry op"]
[Site "Kimry"]
[Date "2008.01.26"]
[Round "2"]
[White "Kazantseva, Natalia"]
[Black "Golebev, Andrey"]
[Result "0-1"]
[WhiteElo "1759"]
[BlackElo "1996"]
[PlyCount "64"]
[EventDate "2008.01.26"]
[EventType "swiss"]
[EventRounds "9"]
[EventCountry "RUS"]
[SourceTitle "EXT 2011"]
[Source "ChessBase"]
[SourceDate "2010.11.26"]
[SourceVersion "1"]
[SourceVersionDate "2010.11.26"]
[SourceQuality "1"]

1. e4 d5 2. exd5 Qxd5 3. Nc3 Qa5 4. Nf3 Bg4 5. Be2 Nc6 6. d4 e6 7. 0-0 Bd6 8. h3 Bh5 9. b3 Qxc3 10. Bd2 Qb2 11. Bd3 Bxf3 12. Qxf3 Qxd4 13. Bb5 Qe5 14. Bxc6+ Ke7 15. Bf4 Qxf4 16. Qxf4 Bxf4 17. Bxb7 Rd8 18. c4 Be5 19. Rad1 Nf6 20. f3 Bg3 21. a4 Rxd1 22. Rxd1 Rd8 23. Rxd8 Kxd8 24. Bc6 a5 25. Kf1 Ke7 26. c5 Nd5 27. Ke2 h5 28. Kd3 Nf4+ 29. Kc4 Be1 30. g4 hxg4 31. hxg4 Bb4 32. Kb5 Nd3 0-1

[Event "Kimry-ch"]
[Site "Kimry"]
[Date "2008.01.07"]
[Round "7"]
[White "Golebev, Andrey"]
[Black "Chernyaev, Vladimir"]
[Result "1-0"]
[WhiteElo "2030"]
[BlackElo "1893"]
[PlyCount "93"]
[EventDate "2008.01.02"]
[EventType "swiss"]
[EventRounds "9"]
[EventCountry "RUS"]
[SourceTitle "CBM 122 Extra"]
[Source "ChessBase"]
[SourceDate "2008.03.04"]
[SourceVersion "1"]
[SourceVersionDate "2008.03.04"]
[SourceQuality "1"]

1. d4 Nf6 2. c4 g6 3. Nc3 Bg7 4. e4 d6 5. h3 0-0 6. Nf3 c5 7. d5 e6 8. Be2 exd5 9. exd5 Re8 10. 0-0 Bf5 11. Bf4 Qb6 12. g4 Be4 13. Nb5 Bf8 14. a4 Na6 15. Nh2 Nb4 16. g5 Bc2 17. a5 Qd8 18. Qd2 Ne4 19. Qc1 Bd3 20. Re1 Bxe2 21. Rxe2 Nd3 22. Qe3 Nxf4 23. Qxf4 Qxg5+ 24. Qxg5 Nxg5 25. Rae1 Nxh3+ 26. Kh1 Rxe2 27. Rxe2 Nf4 28. Re3 b6 29. a6 Bg7 30. Re7 Nd3 31. Rxa7 Re8 32. Nxd6 Re1+ 33. Kg2 Nf4+ 34. Kf3 Be5 35. Ra8+ Kg7 36. Ne8+ Kh6 37. Ng4+ Kg5 38. Nxe5 Rxe5 39. d6 Ne6 40. d7 Rf5+ 41. Kg3 h5 42. d8Q+ Nxd8 43. Rxd8 h4+ 44. Kg2 Kg4 45. Rd2 h3+ 46. Kh2 Rf4 47. a7 1-0

[Event "Dmitrov op"]
[Site "Dmitrov"]
[Date "2007.07.24"]
[Round "3"]
[White "Golebev, Andrey"]
[Black "Borzov, Vladimir"]
[Result "0-1"]
[WhiteElo "2112"]
[BlackElo "2109"]
[PlyCount "62"]
[EventDate "2007.07.22"]
[EventType "swiss"]
[EventRounds "12"]
[EventCountry "RUS"]
[SourceTitle "EXT 2022"]
[Source "ChessBase"]
[SourceDate "2021.10.06"]
[SourceVersion "1"]
[SourceVersionDate "2021.10.06"]
[SourceQuality "1"]

1. d4 Nf6 2. c4 e6 3. d5 Bb4+ 4. Bd2 a5 5. Bxb4 axb4 6. Qd2 Qe7 7. e3 Ne4 8. Qc2 Nc5 9. b3 0-0 10. Nf3 d6 11. Be2 g6 12. Nbd2 f5 13. 0-0 Nbd7 14. Nb1 Nf6 15. Rd1 Nfe4 16. Ne1 Qg5 17. Bd3 Bd7 18. Nf3 Qf6 19. Ne1 Qh4 20. Nf3 Qh6 21. Bxe4 fxe4 22. Ne1 Rf7 23. a4 Raf8 24. h3 Qh4 25. Ra2 Rf5 26. f4 exf3 27. Qf2 Qf6 28. Nd2 Qc3 29. Nc2 Re8 30. Nb1 Qxb3 31. Nd4 Qxd1+ 0-1

[Event "Kimry-ch"]
[Site "Kimry"]
[Date "2007.01.08"]
[Round "9"]
[White "Lashkov, Vladimir"]
[Black "Golebev, Andrey"]
[Result "0-1"]
[WhiteElo "1993"]
[BlackElo "2118"]
[PlyCount "115"]
[EventDate "2007.01.02"]
[EventType "swiss"]
[EventRounds "9"]
[EventCountry "RUS"]
[SourceTitle "EXT 2010"]
[Source "ChessBase"]
[SourceDate "2010.11.25"]
[SourceVersion "1"]
[SourceVersionDate "2010.11.25"]
[SourceQuality "1"]

1. d4 Nf6 2. e3 g6 3. Bd3 Bg7 4. Nd2 0-0 5. Ne2 d6 6. f4 Re8 7. Nf3 Bg4 8. Ng3 e5 9. dxe5 dxe5 10. fxe5 Nfd7 11. e6 Bxe6 12. Ne4 Bg4 13. h3 Bxf3 14. Qxf3 Nc6 15. Qf2 Nde5 16. 0-0 f5 17. Nc3 Nxd3 18. cxd3 Bxc3 19. bxc3 Qxd3 20. Re1 Rad8 21. Ba3 Qxc3 22. Bb2 Qd2 23. Re2 Qb4 24. Rf1 Ne5 25. Qg3 Qe7 26. Rxf5 Rd1+ 27. Kh2 Nd3 28. Bf6 Qd6 29. Qxd6 cxd6 30. Rd5 Re6 31. Bg5 Re5 32. Rxe5 dxe5 33. Rc2 Rc1 34. Rd2 e4 35. Kg3 Rc5 36. Bf6 a5 37. Bd4 Rc6 38. Rd1 b5 39. Rb1 b4 40. a3 Kf7 41. axb4 axb4 42. Rf1+ Ke7 43. Ra1 Rc7 44. Rb1 Rb7 45. Rb3 Ke6 46. Kg4 Kd5 47. Kg5 Nc5 48. Bxc5 Kxc5 49. Kf4 Kc4 50. Rb1 Kd3 51. g4 b3 52. h4 Kc2 53. Rh1 b2 54. Rh2+ Kd3 55. Rxb2 Rxb2 56. h5 gxh5 57. gxh5 Rf2+ 58. Kg5 0-1

[Event "Kimry-ch"]
[Site "Kimry"]
[Date "2007.01.05"]
[Round "6"]
[White "Golebev, Andrey"]
[Black "Golubiatnikov, Vitaly"]
[Result "0-1"]
[WhiteElo "2118"]
[BlackElo "2241"]
[PlyCount "36"]
[EventDate "2007.01.02"]
[EventType "swiss"]
[EventRounds "9"]
[EventCountry "RUS"]
[SourceTitle "EXT 2010"]
[Source "ChessBase"]
[SourceDate "2010.11.25"]
[SourceVersion "1"]
[SourceVersionDate "2010.11.25"]
[SourceQuality "1"]

1. d4 d5 2. c4 e6 3. Nc3 Nf6 4. a3 Be7 5. Bf4 c6 6. Nf3 Nbd7 7. c5 0-0 8. h3 b6 9. b4 bxc5 10. dxc5 Re8 11. e3 Nh5 12. Bh2 Bf6 13. Rc1 g6 14. g4 Ng7 15. Nd4 Bxd4 16. exd4 e5 17. Bg2 exd4+ 18. Ne2 Ba6 0-1